Desde la universidad a la sociedad: selección de escritos, 2010-2015
Saved in:
| Hovedforfatter: | |
|---|---|
| Format: | Bog |
| Sprog: | engelsk spansk |
| Udgivet: |
Santiago, Chile
Ediciones Universidad Católica de Chile
2015
|
| Fag: | |
| Tags: |
Tilføj Tag
Ingen Tags, Vær først til at tagge denne postø!
|
MARC
| LEADER | 00000nam a22000007a 4500 | ||
|---|---|---|---|
| 003 | CL-VaPUC | ||
| 005 | 20210528001957.0 | ||
| 008 | 200122b ||||| |||| 00| 0 eng d | ||
| 999 | |c 379575 |d 379573 | ||
| 020 | |a 9789561416123 | ||
| 040 | |c Pontificia Universidad Católica de Valparaíso | ||
| 041 | 0 | |a spa | |
| 082 | |a 378.83 SAN 2015 | ||
| 100 | 1 | |a Sánchez Díaz, Ignacio |9 611751 | |
| 245 | 1 | 0 | |a Desde la universidad a la sociedad: |b selección de escritos, 2010-2015 |
| 260 | 3 | |a Santiago, Chile |b Ediciones Universidad Católica de Chile |c 2015 | |
| 300 | |a 622 páginas | ||
| 505 | 0 | |a Primera parte. Columnas, cartas, artículos de prensa. Segunda parte. Documentos. Tercera parte. Discursos. Cuarta parte. Comunicaciones internas. | |
| 583 | |c 20200122 |k Daniel Castañeda | ||
| 650 | 0 | 0 | |a Educación superior |9 223851 |
| 650 | 0 | 0 | |a Universidades chilenas |9 407335 |
| 650 | 0 | 0 | |a SOCIEDAD Y UNIVERSIDAD |9 611752 |
| 942 | |2 ddc |c BK | ||
| 952 | |0 0 |1 0 |2 ddc |4 0 |6 378_830000000000000_SAN_2015 |7 0 |9 500157 |a BIBDER |b BIBDER |d 2020-01-22 |i 5615291 |l 2 |m 1 |o 378.83 SAN 2015 |p 5615291 |r 2023-07-11 |s 2023-06-29 |t 1 |w 2020-01-22 |y BK |k DER | ||